000 01032nam a22002897a 4500
999 _c14100
_d14100
003 MIRAKIL
005 20201013121712.0
008 201013b tu ||||| |||| 00| 0 tur d
020 _a9753223536
040 _aTR-AnCHP
_cTR-AnCHP
041 _atur
082 _a956.101543
_bF38g 2005
100 _aFewster, Kevin
245 _aGelibolu 1915 :
_bsavaşla başlayan dostluk /
_cKevin Fewster, Vecihi Başarın, Hatice Hürmüz Başarın ; İngilizce'den çeviren: İbrahim Keskin.
246 _asavaşla başlayan dostluk
260 _aİstanbul:
_bGalata Yayıncılık,
_c2005.
300 _a222 s.:
_bfotg.;
_c21 sm.
490 _aGalata-tarih;
504 _aKaynakça vardır.
650 0 _95657
_aBirinci Dünya savaşı
_xTarih
_y1914-1918
_zTürkiye
650 0 _95121
_aÇanakkale savaşı
_xTarih
_y1915
_zTürkiye
651 0 _96545
_aÇanakkale (Türkiye)
_xTarih
700 _96556
_aBaşarın, Vecihi
700 _96557
_aBaşarın, Hatice Hürmüz
700 _96558
_aKeskin, İbrahim
_eçev.
942 _2ddc
_cBKS